000 00531cam a22002171 4500
001 sa 68010880
003 DLC
005 20260227112556.0
008 941010q19581959np c 000 0 nepo
010 _asa 68010880
025 _aPL480:N-541
035 _a(OCoLC)31253549
040 _aDLC
_cCU
_dCU
_dDLC
042 _apremarc
050 0 0 _aPK2598.T48
_bS2
100 1 _aThāpā, Dharmarāja,
_d1924-
245 1 0 _aŚahīda-samjhanā.
260 _c[1958 or 9]
300 _a5, 25 p.
_bport.
_c19 cm.
500 _aIn Nepali.
999 _c83606
_d83606